La vita religiosa dalle origini ai nostri giorni (dizionario) (Record n. 11054)
[ formato base ]
| 000 -LEADER | |
|---|---|
| fixed length control field | 00810nam a2200193Ia 4500 |
| 003 - CONTROL NUMBER IDENTIFIER | |
| control field | IT-RoPAU |
| 005 - DATE AND TIME OF LATEST TRANSACTION | |
| control field | 20220918175430.0 |
| 008 - FIXED-LENGTH DATA ELEMENTS--GENERAL INFORMATION | |
| fixed length control field | 120407s9999 xx 000 0 und d |
| 040 ## - CATALOGING SOURCE | |
| Original cataloging agency | IT-RoPAU |
| 040 ## - CATALOGING SOURCE | |
| Transcribing agency | IT-RoPAU |
| 100 ## - MAIN ENTRY--PERSONAL NAME | |
| Personal name | Schwaiger, Georg |
| 9 (RLIN) | 5158 |
| 245 ## - TITLE STATEMENT | |
| Title | La vita religiosa dalle origini ai nostri giorni (dizionario) |
| 260 ## - PUBLICATION, DISTRIBUTION, ETC. (IMPRINT) | |
| Place of publication, distribution, etc. | San Paolo Edizioni |
| Name of publisher, distributor, etc. | Edizioni San Paolo |
| Date of publication, distribution, etc. | 1997 |
| 300 ## - PHYSICAL DESCRIPTION | |
| Dimensions | 18,5 cm |
| Extent | 487 p. |
| 490 ## - SERIES STATEMENT | |
| Volume/sequential designation | 1 |
| 500 ## - GENERAL NOTE | |
| General note | Edizione italiana a cura di Grazia Loparco e Luigi Mezzadri. |
| 520 ## - SUMMARY, ETC. | |
| Summary, etc. | Presentazione all'edizione italiana; Presentazione dell'edizione tedesca; Autori; Sigle degli ordini religiosi; La vita religiosa nella storia cristiana; DIZIONARIO; Bibliografia; I religiosi nel mondo. Tavole statistiche; Elenco delle voci del dizionario. |
| 942 ## - ADDED ENTRY ELEMENTS (KOHA) | |
| Koha item type | LIBRO |
| Source of classification or shelving scheme | Dewey Decimal Classification |
| Withdrawn status | Lost status | Source of classification or shelving scheme | Damaged status | Not for loan | Home library | Current library | Date acquired | Total Checkouts | Full call number | Date last seen | Price effective from | Koha item type | Public note |
|---|---|---|---|---|---|---|---|---|---|---|---|---|---|
| Dewey Decimal Classification | Buone Condizioni | Not For Loan | PAULUS-BIBLIOTECA | PAULUS-BIBLIOTECA | 11/04/2012 | EP 02C51 | 11/04/2012 | 11/04/2012 | LIBRO | ||||
| Dewey Decimal Classification | Buone Condizioni | Not For Loan | PAULUS-BIBLIOTECA | PAULUS-BIBLIOTECA | 11/04/2012 | EP 02C51 | 11/04/2012 | 11/04/2012 | LIBRO | Inserito da: Valentino In data: n.d. fondo: Fanella - Valentino Progr:22624 |